Cultura y explosión: lo previsible y lo imprevisible en los procesos de cambio social

保存先:
書誌詳細
第一著者: Lotman, Yuri M. (autor)
フォーマット: 図書
言語:スペイン語
出版事項: Barcelona Gedisa 1999
版:1a. ed
シリーズ:Sociología y Semiótica
主題:
タグ: タグ追加
タグなし, このレコードへの初めてのタグを付けませんか!

MARC

LEADER 00000nam a2200000 a 4500
001 UCK3259
003 CL-VaPUC
008 050422e19990000SP |||||||||||||||||spa|d
020 |a 8474326494 
082 0 4 |a 303.4  |b LOT  |2 21 
100 |a Lotman, Yuri M.  |e autor  |9 491324 
245 1 0 |a Cultura y explosión: lo previsible y lo imprevisible en los procesos de cambio social 
250 |a 1a. ed 
300 |a 238 p 
942 |c BK 
945 |d 20050422 00:00:00  |a cmena 
260 |a Barcelona  |b Gedisa  |c 1999 
650 0 |a Cambio social   |9 256857 
650 0 |a Antropología cultural y social   |9 265143 
650 7 |a SEMITOCA  |2 CL-VaPUC  |9 491325 
650 0 |a Lógica  |9 256849 
650 0 |a Sociolingüística  |9 263716 
583 |a last modification  |c 20050422 00:00:00  |k Rodrigo Vera 
490 0 |a Sociología y Semiótica 
999 |c 312517  |d 312515 
952 |0 0  |1 0  |4 0  |6 303_400000000000000_LOT_1999  |7 0  |8 ?  |9 382930  |a BIBEDU  |b BIBEDU  |d 2019-11-21  |i 4114175  |o 303.4 LOT 1999  |p 4114175  |r 2019-11-21  |w 2019-11-21  |y BK  |k LIT